Globalización y desarrollo local /

Salvato in:
Dettagli Bibliografici
Autore principale: Valverde Rojas, José Manuel
Natura: testo
Soggetti:
Tags: Aggiungi Tag
Nessun Tag, puoi essere il primo ad aggiungerne!!

MARC

LEADER 00000 a a2200000 04500
001 4189
003
040
090 |a REV0229 (114) 2000  
100 |a Valverde Rojas, José Manuel  
245 |a Globalización y desarrollo local /  |c José Manuel Valverde Rojas 
650 |a LIBERALIZACION DEL INTERCAMBIO  
650 |a GLOBALIZACION  
650 |a DESARROLLO LOCAL  
650 |a PLANO LOCAL  
650 |a DEMOCRATIZACION  
650 |a DESCENTRALIZACION  
773 |g número 114; páginas 30-51  
999 |c 39296  |d 39296